Hunger Games Trivia (Catching Fire) Quiz Stats

 Plays Quiz Updated Nov 20, 2013

Support Sporcle.
Go Orange.
Score 0/21 Timer 05:00
1 Play Today
Question Answer % Correct
What is the fate of the District 11 man who whistles Rue's mockingjay tune?Executed by the Peacekeepers
90%
Who visits Katniss before the Victory Tour, warning her how to behave and threatening Gale's life?President Snow
87.1%
Who does Finnick save through mouth to mouth resuscitation?Peeta Mellark
85.9%
Whose voice does Katniss first hear the jabberjays mimic?Primrose
81.1%
Who is beaten severely in front of Katniss before she enters the arena?Cinna
77.3%
What is the special name for the 75th Hunger Games?The Quarter Quell
77.1%
What single item does Beetee take from the cornucopia?A spool of wire
75.5%
What two-word phrase does Wiress constantly repeat upon meeting up with Katniss and her allies?'Tick tock'
74.3%
Who walks into the poison fog so Finnick can be free to carry Peeta?Mags
73.2%
What does Johanna remove by stabbing Katniss in the arm?Tracking device
72.9%
Whose voice does Finnick recognize being mimicked by the jabberjays?Annie Cresta
72.5%
Question Answer % Correct
How do the tributes show their unity at the end of the interviews?They hold hands
71.7%
Where do Katniss and her allies find water during the Games?Inside the trees
71.3%
When Katniss is hunting alone at the beginning of the book, where is Gale?The Mines
69.9%
What are they trying to find?District 13
69%
What is the crime for which Gale is whipped?Poaching
60.6%
Which other two tributes are rescued from the arena with Katniss?Finnick and Beetee
60.1%
Who does Katniss hang in effigy during her private session with the Gamemakers?Seneca Crane
59%
What is the fate of Darius, the former Peacekeeper?Turned into an Avox
54.1%
What does Katniss pretend is her talent?Clothing Design
46%
What are the names of the citizens of District 8 that Katniss meets at the shack in the woods?Bonnie and Twill
32.2%

From the Vault

Words Ending in ETTE

by scarequotes

You might need a moist towelette after this quiz.
Remove Ads.
Support Sporcle.
Get the best of Sporcle when you Go Orange. This ad-free experience offers more features, more stats, and more fun while also helping to support Sporcle. Thank you for becoming a member.

Show Comments

Extras

Top Quizzes Today


Score Distribution

Your Account Isn't Verified!

In order to create a playlist on Sporcle, you need to verify the email address you used during registration. Go to your Sporcle Settings to finish the process.

Report this User

Report this user for behavior that violates our Community Guidelines.

Details: